000 00772nam a2200217 i 4500
001 18778
003 ES-MaACL
005 20240523155026.0
007 t|
008 011015s2000 sp ||||0| spa j
020 _a84-607-1336-9
040 _aM-BN
_bspa
_cM-BN
080 _a821.134.2-91"19"(082.2)
245 0 4 _aLos tebeos que leía Franco en la Guerra Civil (1936-1939) /
_c[compilador, Juan Carlos Lorente Aragón].
260 _a[Madrid?] :
_bJ.C. Aragón,
_c[2000] (
_eMadrid :
_fImp. del Patronato de Huérfanos del Ejército de Tierra)
300 _a316 p :
_bil. col. y n ;
_c30 cm.
650 4 _aCómics-
_zEspaña
_911174
700 1 _aLorente Aragón, Juan Carlos.
_974111
852 _aES-MaACL
_jL-25268
_bR.130374
999 _c18778
_d18778